000 00788pam a2200229 a 4500
005 20131125035212.0
008 930520s1993 maua b 001 0 eng
020 _a0807002208
020 _a0807002216
041 _aeng
080 _a342
245 0 0 _aState of the peoples :
_cMarc S. Miller, project director, with the staff of Cultural Survival.
260 _aBoston :
_bBeacon Press,
_cc1993.
300 _a262 f. :
_bill. ;
_c25 cm.
500 _aPreface : f. VII - IX
504 _aIncludes bibliographical references (p. 256) and index.
650 0 _aNjerëzit vendës
_xStatusi ligjor, ligji.
650 0 _aE drejta publike
700 1 _aMiller, Marc S.,
_d1947-
710 2 _aCultural Survival Inc.
942 _2udc
_cBK
999 _c341
_d341